| 000 -LEADER |
| fixed length control field |
00273nam a22001217a 4500 |
| 008 - FIXED-LENGTH DATA ELEMENTS--GENERAL INFORMATION |
| fixed length control field |
171025b xxu||||| |||| 00| 0 eng d |
| 041 ## - LANGUAGE CODE |
| Language code of text/sound track or separate title |
eng |
| 080 ## - UNIVERSAL DECIMAL CLASSIFICATION NUMBER |
| Universal Decimal Classification number |
311 |
| 100 ## - Rafti |
| Rafti |
55 |
| 101 ## - Shkurtesa |
| Shkurtesa |
STA |
| 245 ## - TITLE STATEMENT |
| Title |
ELEMENTS OF STATISTICAL INFERENCE |
| Statement of responsibility, etc |
DAVID.H |
| 942 ## - ADDED ENTRY ELEMENTS (KOHA) |
| Source of classification or shelving scheme |
|
| Item type |
Books |